000 00508nam a2200169Ia 4500
003 GCL
008 140319s9999 xx 000 0 ara d
040 _aGCL /
_cGCL
082 0 4 _a649
_bص ا
100 1 _aصبرى العوضى
245 1 0 _aامراض القلب عند الاطفال /
_cصبرى العوضى
260 _a[S.N] :
_bلجنة الاعلام والدراسات المستقبلية ،
_c1987
300 _a93 ص
490 _a
650 0 4 _aامراض الاطفال
942 _2ddc
_cBK
999 _c47063
_d47063